As crónicas de Nárnia (Registo nº 1104)

Detalhes MARC
000 -Etiqueta do registo
Cabeçalho 01090nam a2200337 i 4500
005 - Identificador da versão
Campo de controlo 20240822165842.0
010 ## - Número internacional normalizado dos livros (ISBN)
Número (ISBN) 9789722329989
021 ## - Número do Depósito Legal
Código do país PT
Número 273175/08
100 ## - Dados gerais de processamento
Dados gerais de processamento 20091104g2008 d y0pory5003 ba
101 1# - Língua de publicação
Língua do texto, banda sonora, etc. Português
Língua do documento no original Inglês
102 ## - Pais de publicação ou produção
País de publicação Portugal
105 ## - Campo de dados codificados: livros
Dados codificados dos livros a z 000ay
106 ## - Campo de dados codificados: material textual
Dados codificados do material textual r
200 1# - Titulo e menção de responsabilidade
Título próprio As crónicas de Nárnia
Informação de outro título O sobrinho do Mágico
Primeira menção de responsabilidade C. S. Lewis
Outras menções de responsabilidade il. Pauline Baynes
-- trad. Ana Falcão Bastos
-- rev. Carlos Grifo Babo
205 ## - Menção da edição
Menção da edição 16a ed
210 ## - Publicação, Distribuição, etc. 
Lugar da edição, distribuição, etc. Barcarena
Nome do editor, distribuidor, etc. Presença
Data da publicação, distribuição, etc. 2008-
215 ## - Descrição física 
Indicação específica da natureza do documento e extensão da espécie 146
Outras indicações físicas il.
Dimensões 21 cm
225 2# - Colecção 
Título próprio da colecção As Crónicas de Nárnia
Indicação de volume 1
304 ## - Notas relativas a título e menção de responsabilidade 
Texto da nota Tít. orig.: The magician's nephew
517 1# - Outras variantes do título
Variant Title O sobrinho do mágico
606 ## - Nome comum usado como assunto
Número de registo de entrada de autoridade 0001496
Palavra de ordem Romances de Aventuras
Subdivisão de assunto Publicações Juvenis
675 ## - Classificação Decimal Universal (CDU)
Notação 087.5
Edição BN
Língua da edição por
Notação 821.111(417)-93"19"
Edição BN
Língua da edição por
Notação 821.111(417)-312.9"19"
Edição BN
Língua da edição por
700 #1 - Nome de autor-pessoa física (responsabilidade principal)
Número de registo de entrada de autoridade 0001499
Palavra de ordem Lewis
Outra parte do nome não tomada para palavra de ordem C. S.
Datas 1898-1963
702 #1 - Nome de autor-pessoa física (responsabilidade secundária)
Número de registo de entrada de autoridade 0001500
Palavra de ordem Baynes
Outra parte do nome não tomada para palavra de ordem Pauline
Código de função Ilustrador / Técnico de desenho computorizado
Número de registo de entrada de autoridade 0001501
Palavra de ordem Bastos
Outra parte do nome não tomada para palavra de ordem Ana Falcão
Código de função Tradutor
Número de registo de entrada de autoridade 0001204
Palavra de ordem Babo
Outra parte do nome não tomada para palavra de ordem Carlos Grifo
Datas 1919-
Código de função Autor de recensão / Crítico
942 ## - Elementos de entrada adicionados (Koha)
Tipo de item no Koha Livro
Exemplares
Situação do levantamento Origin of item (home branch) (coded) Biblioteca de empréstimo Código de barras Cota Circulation type (not for loan) Tipo de documento Nota do exemplar Damaged status
  Biblioteca Escolar Eng. Nuno Mergulhão Biblioteca Escolar Eng. Nuno Mergulhão BENM1994 8EST LEW   Livro Sem mensagem